| 000 | 01817nam0a2200433 4500 | ||
|---|---|---|---|
| 001 | RU\NLR\bibl\135827 | ||
| 005 | 20260405071901.0 | ||
| 010 |
_a5-222-01056-2 _910000 |
||
| 021 |
_aRU _b2000-36655 _91693 |
||
| 035 | _a(NLR Aleph) 000133053 | ||
| 090 |
_a760308 _c760308 |
||
| 100 | _a20010205d2000 |||y0rusy50 ca | ||
| 101 | 0 | _arus | |
| 102 | _aRU | ||
| 105 | _aa ||||||||| | ||
| 200 | 1 |
_aЛегкие _fА.А. Карпов _gНауч. ред. засл. врач России, д.м.н., проф. М.Ф. Поляничко |
|
| 210 |
_aРостов н/Д _cФеникс _d2000 |
||
| 215 |
_a124,[1] с. _cил. _d20 |
||
| 225 | 1 | _aСерия "Анатомия для всех" | |
| 300 | _aНа обл. авт. не указан | ||
| 606 | 0 |
_aЛегкие _jПопулярная литература _xАнатомия _9965512 _3RU\NLR\auth\6642392 |
|
| 606 | 0 |
_aЛегкие _jПопулярные издания _xАнатомия _9965512 _3RU\NLR\auth\6642392 |
|
| 606 | 0 |
_aЛегкие _jПопулярная литература _xБолезни _9983969 _3RU\NLR\auth\6652467 |
|
| 606 | 0 |
_aЛегкие _jПопулярные издания _xБолезни _9983969 _3RU\NLR\auth\6652467 |
|
| 610 | 0 | _aЛегкие - Анатомия и гистология | |
| 610 | 0 | _aЛегочные болезни - Лечение | |
| 675 |
_a611.24+616.24 _v3 _zrus |
||
| 686 |
_a34.41 _2rugasnti |
||
| 686 |
_a28.706 _2rubbk |
||
| 686 | _aЕ864.113я9 | ||
| 686 | _aР412я9 | ||
| 700 | 1 |
_4070 _8rus _7ca _aКарпов _bА.А. _cврач _gАлексей Александрович _3RU\NLR\AUTH\7724694 _97744 |
|
| 801 | 0 |
_aRU _bRKP _c20010205 _gPSBO |
|
| 801 | 1 |
_aRU _bRKP _c20010205 |
|
| 801 | 2 |
_aRU _bNLR _c20010321 _grcr |
|
| 942 | _cBOOK | ||
| 980 | _aNB | ||